Henry VIII (1491-1547)
King of England, 1509-1547.Played a major role in the break of the English church from Rome and the growthof Protestantism in England
محفوظ في:
| المؤلف الرئيسي: | |
|---|---|
| التنسيق: | كتاب |
| اللغة: | Undetermined |
| منشور في: |
London
Guild
1985
|
| الموضوعات: | |
| الوسوم: |
إضافة وسم
لا توجد وسوم, كن أول من يضع وسما على هذه التسجيلة!
|
| Thư viện lưu trữ: | Trung tâm Học liệu Trường Đại học Cần Thơ |
|---|
| LEADER | 00594nam a2200181Ia 4500 | ||
|---|---|---|---|
| 001 | CTU_10762 | ||
| 008 | 210402s9999 xx 000 0 und d | ||
| 082 | |a 942.035 | ||
| 082 | |b R545 | ||
| 100 | |a Jasper Ridley | ||
| 245 | 0 | |a Henry VIII (1491-1547) | |
| 245 | 0 | |c Jasper Ridley | |
| 260 | |a London | ||
| 260 | |b Guild | ||
| 260 | |c 1985 | ||
| 520 | |a King of England, 1509-1547.Played a major role in the break of the English church from Rome and the growthof Protestantism in England | ||
| 650 | |a england - history - 16th century | ||
| 980 | |a Trung tâm Học liệu Trường Đại học Cần Thơ | ||